Top 5 reprezentacji w piłkę nożną na każdym kontynencie - Statystyki

Ogólne statystyki
  • Ten quiz został rozwiązany 72 razy
  • Średni wynik to 24 z 30
Statystyki odpowiedzi
Hint Odpowiedź % Poprawnych
CONCACAF(Am.Północna) Stany Zjednoczone
98%
CONMEBOL(Am.Południowa) Argentyna
97%
CONMEBOL(Am.Południowa) Brazylia
97%
AFC(Azja) Japonia
97%
AFC(Azja) Australia
95%
UEFA(Europa) Hiszpania
95%
CONCACAF(Am.Północna) Kanada
95%
CONCACAF(Am.Północna) Meksyk
95%
UEFA(Europa) Anglia
94%
UEFA(Europa) Francja
94%
CONMEBOL(Am.Południowa) Urugwaj
94%
UEFA(Europa) Holandia
91%
UEFA(Europa) Portugalia
91%
CONMEBOL(Am.Południowa) Kolumbia
89%
OFC(Oceania) Nowa Zelandia
89%
CAF(Afryka) Egipt
88%
CAF(Afryka) Maroko
88%
AFC(Azja) Korea Południowa
85%
CONMEBOL(Am.Południowa) Ekwador
79%
CAF(Afryka) Nigeria
77%
CAF(Afryka) Senegal
77%
CONCACAF(Am.Północna) Panama
74%
AFC(Azja) Iran
71%
CONCACAF(Am.Północna) Kostaryka
70%
AFC(Azja) Katar
64%
CAF(Afryka) Algieria
62%
OFC(Oceania) Fidżi
47%
OFC(Oceania) Wyspy Salomona
36%
OFC(Oceania) Nowa Kaledonia
24%
OFC(Oceania) Tahiti
24%
Nie znaleziono quizów pasujących do podanych kryteriów
Rozkład punktacji
Procent ludzi z każdym wynikiem
Percentyl według liczby udzielonych odpowiedzi
Twoja historia wyników
Nie rozwiązałeś tego quizu